000 00752nam a22002177a 4500
003 BUBTL
008 161222b xxu||||| |||| 00| 0 eng d
020 _a978-93-80308-16-6
082 _a677.028245/ R211f/ 2012
100 _94731
_aRay, Sadhan Chandra
245 _aFundamentals and Advances in Knitting Technology /
_cSadhan Chandra Ray
250 _a1st Edn
260 _aNew Delhi:
_bWoodhead Publishing India Pvt Ltd.,
_cc2012
300 _axvii,340 p.:
_bills.;
_c22 cm.
500 _aIncludes Index
505 _aFundamentals and Advances in Knitting Technology, Knitting Technology, Sadhan Chandra Ray
650 0 _9995
_aTextile Engineering
856 _k0
_l0
_yDownload
942 _2ddc
_cBK
999 _c5407
_d5407